[Event "Quebec op U1400"]
[Site "Laval CAN"]
[Date "2022.09.04"]
[Round "6.81"]
[White "Poulin, Roxane"]
[Black "Chairez Miranda, Hector Jesus"]
[Result "0-1"]
[WhiteElo "1276"]
[BlackElo "1270"]
[PlyCount "90"]
[EventDate "2022.09.01"]
[EventType "swiss"]
[EventRounds "9"]
[EventCountry "CAN"]

1. e4 e6 2. Nc3 d5 3. exd5 exd5 4. d4 Nf6 5. Nf3 Bg4 6. h3 Bh5 7. Bg5 Be7 8.
Bd3 h6 9. Bh4 Nc6 10. g4 Bg6 11. Bxg6 fxg6 12. Qd3 O-O 13. Qxg6 Nd7 14. Qe6+
Kh8 15. Bxe7 Nxe7 16. Nxd5 Nxd5 17. Qxd5 Qe7+ 18. Kd2 c6 19. Qb3 Qe4 20. Qe3
Qxf3 21. Rh2 Nb6 22. b3 Rad8 23. c4 Qf4 24. Qxf4 Rxf4 25. Re1 Rfxd4+ 26. Kc3
Rd3+ 27. Kb4 Rf3 28. h4 g6 29. g5 h5 30. Re6 Kg7 31. Re7+ Rf7 32. Rxf7+ Kxf7
33. f4 Rd4 34. Rf2 Nd7 35. Kc3 Re4 36. b4 Re3+ 37. Kd4 Rh3 38. c5 Rxh4 39. Rf3
Rh2 40. a3 h4 41. Ke3 Ke6 42. f5+ gxf5 43. Kf4 Re2 44. g6 Kf6 45. g7 Re4# 0-1

[Event "Quebec op U1400"]
[Site "Laval CAN"]
[Date "2022.09.04"]
[Round "6.82"]
[White "Ouimet, Alain"]
[Black "Fallet, Maurice"]
[Result "1/2-1/2"]
[WhiteElo "1225"]
[BlackElo "1224"]
[PlyCount "74"]
[EventDate "2022.09.01"]
[EventType "swiss"]
[EventRounds "9"]
[EventCountry "CAN"]

1. d4 Nf6 2. c4 e6 3. Nf3 d5 4. g3 c6 5. Bg2 Be7 6. O-O Nbd7 7. Nc3 O-O 8. Bf4
Ne8 9. cxd5 exd5 10. Nd2 Ndf6 11. e4 dxe4 12. Ndxe4 Nd6 13. Qe2 Bf5 14. Rfe1
Ndxe4 15. Nxe4 Re8 16. Qd3 Bg6 17. a3 Bd6 18. Bxd6 Nxe4 19. Bxe4 Qxd6 20. Bxg6
Qxg6 21. Qxg6 hxg6 22. Re3 Rad8 23. Rd1 Kf8 24. Kg2 Rd7 25. Rde1 Rde7 26. Kf3
Rxe3+ 27. Rxe3 Rxe3+ 28. fxe3 Ke7 29. b4 Kd6 30. e4 Ke6 31. g4 g5 32. h3 b5 33.
Ke3 Kd6 34. Kd3 Ke6 35. Ke3 Kd6 36. Kf3 Ke6 37. Kg3 Kf6 1/2-1/2

[Event "Quebec op U1400"]
[Site "Laval CAN"]
[Date "2022.09.04"]
[Round "6.83"]
[White "Couture, Francois"]
[Black "Michel, Andie"]
[Result "1-0"]
[WhiteElo "1246"]
[BlackElo "1239"]
[PlyCount "69"]
[EventDate "2022.09.01"]
[EventType "swiss"]
[EventRounds "9"]
[EventCountry "CAN"]

1. d4 d5 2. c4 Nf6 3. Nf3 e6 4. a3 c5 5. Nc3 a6 6. e3 Bd6 7. Bd3 Nc6 8. O-O O-O
9. Re1 Re8 10. Qc2 h6 11. b3 Qc7 12. Bb2 b6 13. cxd5 Nd8 14. e4 Nh5 15. e5 Bf8
16. d6 Bxd6 17. exd6 Qxd6 18. Ne4 Qb8 19. a4 f5 20. Ng3 Nf6 21. Bc4 Kh8 22. d5
exd5 23. Bxf6 Rxe1+ 24. Rxe1 Bd7 25. Bxd5 Ra7 26. Ne5 gxf6 27. Nxd7 Rxd7 28.
Re8+ Kg7 29. Be6 Nc6 30. Rxb8 Nd4 31. Qd3 Ra7 32. Nxf5+ Nxf5 33. Qxf5 h5 34.
Rg8+ Kh6 35. Qg6# 1-0

[Event "Quebec op U1400"]
[Site "Laval CAN"]
[Date "2022.09.05"]
[Round "7.74"]
[White "Normand, Louis"]
[Black "Maurice, Mathieu"]
[Result "0-1"]
[WhiteElo "1271"]
[BlackElo "1287"]
[PlyCount "76"]
[EventDate "2022.09.01"]
[EventType "swiss"]
[EventRounds "9"]
[EventCountry "CAN"]

1. d4 d5 2. Nf3 Nf6 3. e3 e6 4. Bd3 c5 5. c3 Be7 6. Nbd2 Nc6 7. O-O b6 8. Re1
O-O 9. e4 cxd4 10. cxd4 dxe4 11. Bxe4 Nxe4 12. Nxe4 Nb4 13. Ne5 Bb7 14. b3 Rc8
15. Nc4 Qd5 16. f3 Rfd8 17. Bb2 h5 18. a3 Nc6 19. Ne3 Qb5 20. a4 Qa6 21. Nc2
Na5 22. Re3 Bd5 23. b4 Nc4 24. Qd3 Qb7 25. Bc3 Nxe3 26. Nxe3 Rd7 27. Nxd5 Qxd5
28. Bd2 Rdc7 29. Nc3 Qd7 30. b5 Rc4 31. d5 Bf6 32. Rc1 Bxc3 33. Rxc3 Rxc3 34.
Bxc3 Qxd5 35. Qd2 Qxd2 36. Bxd2 Rc2 37. Bf4 Rc4 38. a5 Rxf4 0-1

[Event "Quebec op U1400"]
[Site "Laval CAN"]
[Date "2022.09.05"]
[Round "7.75"]
[White "Rauch, Damian"]
[Black "Imbeault, Marc"]
[Result "1-0"]
[WhiteElo "1344"]
[BlackElo "1226"]
[PlyCount "73"]
[EventDate "2022.09.01"]
[EventType "swiss"]
[EventRounds "9"]
[EventCountry "CAN"]

1. e4 e5 2. Nc3 d6 3. Bc4 f5 4. d3 Nf6 5. f4 Nc6 6. Nf3 g6 7. Ng5 Ng4 8. Bf7+
Kd7 9. O-O h6 10. Bxg6 hxg5 11. Bxf5+ Ke8 12. Qxg4 Bxf5 13. Qxf5 Ne7 14. Qxg5
Bh6 15. Qf6 Kd7 16. fxe5 Bxc1 17. Raxc1 dxe5 18. Qxe5 Qg8 19. Nd5 Nxd5 20.
Qxd5+ Qxd5 21. exd5 Rh5 22. c4 Rah8 23. h3 Rg8 24. Kh2 Rhg5 25. Rf2 Kd6 26. Re1
a5 27. a3 Rg3 28. Rd2 Kd7 29. d4 Kd6 30. Re6+ Kd7 31. Rde2 R3g7 32. c5 Rf7 33.
d6 Rgg7 34. Re7+ Rxe7 35. Rxe7+ Rxe7 36. dxe7 Kxe7 37. g4 1-0

[Event "Quebec op U1400"]
[Site "Laval CAN"]
[Date "2022.09.05"]
[Round "7.76"]
[White "Khatchikian, Eva"]
[Black "Guillemette, Thomas"]
[Result "0-1"]
[WhiteElo "1214"]
[BlackElo "1307"]
[PlyCount "140"]
[EventDate "2022.09.01"]
[EventType "swiss"]
[EventRounds "9"]
[EventCountry "CAN"]

1. e4 c5 2. Nf3 d6 3. d4 cxd4 4. Nxd4 Nf6 5. Nc3 g6 6. h3 Bg7 7. Be3 Bd7 8. Qd2
Nc6 9. f3 Rc8 10. Nxc6 bxc6 11. g4 Rb8 12. Rb1 c5 13. Bc4 Qa5 14. a3 O-O 15. h4
h5 16. gxh5 Nxh5 17. Kf2 Bxc3 18. Qxc3 Qxc3 19. bxc3 Ba4 20. Bd3 Kg7 21. Rhg1
Rbc8 22. c4 Bc6 23. f4 Kh7 24. e5 dxe5 25. fxe5 Bb7 26. Rb5 Ba6 27. Rxc5 Rxc5
28. Bxc5 Rc8 29. Bxe7 Bxc4 30. Ke3 Bxd3 31. cxd3 Re8 32. Bd6 Ng7 33. Rf1 Nf5+
34. Rxf5 gxf5 35. Kf4 Kg6 36. h5+ Kxh5 37. Kxf5 Re6 38. d4 Kh6 39. d5 Rg6 40.
e6 fxe6+ 41. dxe6 Rg5+ 42. Kf6 Rg6+ 43. Kf7 Rg7+ 44. Ke8 Kg6 45. e7 Rg8+ 46.
Kd7 Kf7 47. Kc7 a5 48. Kb6 Rg6 49. Kc7 Ke8 50. Kc6 Rh6 51. Kc7 a4 52. Kc6 Rf6
53. Kd5 Kd7 54. Bc5 Rf5+ 55. Kc4 Rf4+ 56. Kb5 Rf5 57. Kc4 Rf4+ 58. Kb5 Rf5 59.
Kb6 Rg5 60. Bb4 Rh5 61. Bc5 Rg5 62. Kb5 Rh5 63. Kb4 Rh4+ 64. Kc3 Rh8 65. Bb4
Kc6 66. Kd4 Rb8 67. Ke5 Kd7 68. Kd5 Rxb4 69. axb4 a3 70. b5 a2 0-1

[Event "Quebec op U1400"]
[Site "Laval CAN"]
[Date "2022.09.05"]
[Round "7.77"]
[White "Gurevitch, Benjamin"]
[Black "Mickelson, Jonah"]
[Result "1/2-1/2"]
[WhiteElo "1325"]
[BlackElo "1160"]
[PlyCount "95"]
[EventDate "2022.09.01"]
[EventType "swiss"]
[EventRounds "9"]
[EventCountry "CAN"]

1. e4 e6 2. d4 d5 3. exd5 exd5 4. c4 dxc4 5. Bxc4 Bb4+ 6. Nc3 Bxc3+ 7. bxc3 Nf6
8. Nf3 O-O 9. O-O Nc6 10. h3 h6 11. Re1 Re8 12. Bf4 Ne4 13. Qc2 Nd6 14. Bxd6
cxd6 15. a3 Na5 16. Bb5 Bd7 17. Qb2 a6 18. Rxe8+ Bxe8 19. Bxe8 Qxe8 20. Qb4 Qd8
21. Re1 b5 22. Nd2 Rc8 23. Re3 Nc4 24. Nxc4 Rxc4 25. Qb2 g6 26. Qe2 Kg7 27. Qf3
Qf6 28. Qe2 Ra4 29. Rf3 Qe6 30. Qb2 Qc4 31. Kh1 Qc7 32. Qb3 Qc4 33. Qb2 Qc7 34.
Qb3 Rc4 35. Qb2 Qe7 36. Re3 Qd8 37. Rf3 Qa5 38. Kg1 Qd8 39. Qb3 Qb8 40. Qa2 Qc7
41. Qb3 Qc6 42. Qb2 Qd5 43. Qb1 Qc6 44. Qb2 Qd7 45. Qa2 Qe6 46. Re3 Qd5 47. Qb2
Qc6 48. Rf3 1/2-1/2

[Event "Quebec op U1400"]
[Site "Laval CAN"]
[Date "2022.09.05"]
[Round "7.78"]
[White "Fakhany, Fahrid-Michel"]
[Black "Chira, Dan"]
[Result "0-1"]
[WhiteElo "1240"]
[BlackElo "1398"]
[PlyCount "77"]
[EventDate "2022.09.01"]
[EventType "swiss"]
[EventRounds "9"]
[EventCountry "CAN"]

1. d4 Nf6 2. Nc3 d5 3. Bf4 c6 4. e3 Qb6 5. a3 e6 6. Nf3 a5 7. Na4 Qd8 8. Bd3
Nbd7 9. Ne5 Nxe5 10. dxe5 Nd7 11. h4 Qc7 12. Qd2 Nxe5 13. Be2 Bd6 14. Rd1 Nd7
15. Bxd6 Qxd6 16. c4 Qc7 17. cxd5 exd5 18. Qd4 Qe5 19. Qd2 b5 20. Nc3 Nf6 21.
f4 Qe7 22. Bf3 b4 23. Na4 Rb8 24. O-O O-O 25. Rfe1 bxa3 26. bxa3 Qxa3 27. Ra1
Qb4 28. Qc2 Qc4 29. Qxc4 dxc4 30. Bxc6 Bb7 31. Bxb7 Rxb7 32. Nc5 Rb5 33. Na6
Re8 34. Red1 g6 35. Rd6 Nd5 36. Kf2 c3 37. Ke2 Rb2+ 38. Kd1 Nxe3+ 39. Kc1 0-1

[Event "Quebec op U1400"]
[Site "Laval CAN"]
[Date "2022.09.05"]
[Round "7.79"]
[White "Chairez Miranda, Hector Jesus"]
[Black "Ivanov, Yuan Maksin"]
[Result "0-1"]
[WhiteElo "1270"]
[BlackElo "1020"]
[PlyCount "110"]
[EventDate "2022.09.01"]
[EventType "swiss"]
[EventRounds "9"]
[EventCountry "CAN"]

1. e3 e5 2. d4 e4 3. d5 d6 4. c4 Nf6 5. Nc3 Be7 6. Nge2 Bf5 7. Ng3 Bg6 8. Be2
Nbd7 9. O-O h5 10. Qc2 Nc5 11. b4 Nd3 12. Bxd3 exd3 13. Qd2 h4 14. Nh1 Ng4 15.
h3 Ne5 16. e4 Nxc4 17. Qxd3 Ne5 18. Qe3 Bf6 19. Bd2 Qe7 20. f3 c5 21. dxc6 Nxc6
22. Nf2 Nxb4 23. Rac1 O-O 24. a3 Bxc3 25. Rxc3 Nc6 26. Rfc1 Rfe8 27. Qd3 Rad8
28. Qb5 Nd4 29. Qf1 Nc6 30. Re1 Qe5 31. Ng4 Qd4+ 32. Qf2 Qxf2+ 33. Nxf2 d5 34.
Bg5 f6 35. Bxh4 d4 36. Rd3 Bf7 37. Red1 Re5 38. Ng4 Ra5 39. f4 Re8 40. Re1 f5
41. Nf2 fxe4 42. Rxe4 Rxe4 43. Nxe4 Bg6 44. Rg3 Bxe4 45. Bf6 g6 46. Bg5 d3 47.
Re3 d2 48. Rxe4 d1=Q+ 49. Kh2 Rxa3 50. Re8+ Kf7 51. Rc8 Qd3 52. Rc7+ Ke6 53.
Rxb7 Qg3+ 54. Kg1 Ra1+ 55. Rb1 Rxb1# 0-1

[Event "Quebec op U1400"]
[Site "Laval CAN"]
[Date "2022.09.05"]
[Round "7.80"]
[White "Viel, Julie-Maude"]
[Black "Couture, Francois"]
[Result "1-0"]
[WhiteElo "1296"]
[BlackElo "1246"]
[PlyCount "101"]
[EventDate "2022.09.01"]
[EventType "swiss"]
[EventRounds "9"]
[EventCountry "CAN"]

1. e4 c5 2. Nf3 Nc6 3. d4 cxd4 4. Nxd4 d6 5. Nc3 a6 6. Be3 Nf6 7. Bd3 g6 8. h4
h5 9. Qd2 Bg7 10. O-O-O Ng4 11. Nxc6 bxc6 12. Be2 Nxe3 13. fxe3 O-O 14. g4 Bxg4
15. Bxg4 hxg4 16. h5 gxh5 17. Rxh5 Qd7 18. Rdh1 f6 19. e5 fxe5 20. Qd3 Qe6 21.
Rh8+ Kf7 22. Rf1+ Ke8 23. Rfxf8+ Bxf8 24. Qh7 Qf7 25. Qe4 Rc8 26. Qxg4 Rd8 27.
Qa4 Qg7 28. Qxc6+ Rd7 29. Rh1 e6 30. Qc8+ Ke7 31. Qxa6 d5 32. Qd3 Qf6 33. Rf1
Qg7 34. Nb5 e4 35. Qa3+ Ke8 36. Qa8+ Ke7 37. Nd4 Rc7 38. Qxf8+ Qxf8 39. Rxf8
Kxf8 40. Nxe6+ Ke7 41. Nxc7 Kd6 42. Nb5+ Kc5 43. Nc3 Kc4 44. Kd2 Kc5 45. Ne2
Kc4 46. Nd4 Kc5 47. Kc3 Kd6 48. a4 Kc5 49. b4+ Kb6 50. Nb5 Kc6 51. Kd4 1-0

[Event "Quebec op U1400"]
[Site "Laval CAN"]
[Date "2022.09.05"]
[Round "7.81"]
[White "Soskic, Milan"]
[Black "Poulin, Roxane"]
[Result "0-1"]
[WhiteElo "1306"]
[BlackElo "1276"]
[PlyCount "56"]
[EventDate "2022.09.01"]
[EventType "swiss"]
[EventRounds "9"]
[EventCountry "CAN"]

1. d4 d5 2. Bf4 Nf6 3. h3 e6 4. Nf3 Bd6 5. Bh2 O-O 6. e3 c5 7. c3 Nc6 8. Bd3 c4
9. Bc2 Re8 10. Ne5 Qc7 11. f4 Ne4 12. Nd2 f5 13. g4 Nxe5 14. fxe5 Be7 15. Nf3
b5 16. g5 g6 17. h4 b4 18. Bxe4 fxe4 19. Nd2 bxc3 20. bxc3 Qa5 21. Qc2 Bd7 22.
a4 Rf8 23. Bf4 Qd8 24. Ke2 Rb8 25. Rhb1 Rxb1 26. Rxb1 Qa5 27. Rb7 Bxa4 28. Qa2
Bd1+ 0-1

[Event "Quebec op U1400"]
[Site "Laval CAN"]
[Date "2022.09.05"]
[Round "7.82"]
[White "Fallet, Maurice"]
[Black "Laramee-Lamoureux, Mickael"]
[Result "1-0"]
[WhiteElo "1224"]
[BlackElo "1374"]
[PlyCount "35"]
[EventDate "2022.09.01"]
[EventType "swiss"]
[EventRounds "9"]
[EventCountry "CAN"]

1. d4 Nf6 2. c4 e6 3. Nc3 Bb4 4. e3 O-O 5. Nge2 c5 6. a3 Bxc3+ 7. Nxc3 cxd4 8.
exd4 Re8 9. Be2 d5 10. c5 e5 11. Be3 exd4 12. Bxd4 Nc6 13. O-O Nxd4 14. Qxd4
Ne4 15. Nxd5 Nxc5 16. Bc4 b6 17. Rad1 Re4 18. Nf6+ 1-0

[Event "Quebec op U1400"]
[Site "Laval CAN"]
[Date "2022.09.05"]
[Round "7.83"]
[White "Chanot, Frederic"]
[Black "Ouimet, Alain"]
[Result "0-1"]
[WhiteElo "1205"]
[BlackElo "1225"]
[PlyCount "115"]
[EventDate "2022.09.01"]
[EventType "swiss"]
[EventRounds "9"]
[EventCountry "CAN"]

1. e4 c5 2. Bc4 e6 3. Nf3 Nc6 4. Nc3 a6 5. a4 d6 6. d4 cxd4 7. Nxd4 Bd7 8. O-O
Be7 9. Be3 Ne5 10. Be2 Rc8 11. f4 Nc4 12. Bc1 Bf6 13. b3 Na5 14. Bb2 Nc6 15.
Nxc6 Bxc6 16. Qd3 Be7 17. Nd5 Nf6 18. Nxf6+ gxf6 19. Rad1 Rg8 20. Bf3 e5 21. f5
Qb6+ 22. Kh1 Bxa4 23. Bc1 Bb5 24. c4 Bd7 25. Be3 Qc7 26. Bh5 Bc6 27. b4 b5 28.
cxb5 axb5 29. Rc1 Qb7 30. Qb3 Bd8 31. Bf3 Bb6 32. Bxb6 Qxb6 33. Rc2 Ke7 34.
Rfc1 Qb7 35. Qc3 Rc7 36. Qe3 Rgc8 37. h3 Bd7 38. Rxc7 Rxc7 39. Rxc7 Qxc7 40.
Qd2 Qc4 41. Kh2 Bc6 42. Qe1 d5 43. exd5 Bxd5 44. Bxd5 Qxd5 45. Qc3 Qc4 46. Qe1
Qf4+ 47. g3 Qxf5 48. Qe3 Qd7 49. Qc5+ Ke6 50. Qb6+ Kf5 51. h4 Qd2+ 52. Kh3 Qxb4
53. Qf2+ Kg6 54. Qf3 Kg7 55. g4 Qf4 56. Qb3 Qf1+ 57. Kg3 e4 58. h5 0-1

[Event "Quebec op U1400"]
[Site "Laval CAN"]
[Date "2022.09.05"]
[Round "8.74"]
[White "Rauch, Damian"]
[Black "Normand, Louis"]
[Result "1/2-1/2"]
[WhiteElo "1344"]
[BlackElo "1271"]
[PlyCount "120"]
[EventDate "2022.09.01"]
[EventType "swiss"]
[EventRounds "9"]
[EventCountry "CAN"]

1. e4 e6 2. Nc3 d5 3. d4 dxe4 4. Nxe4 Bd7 5. Nf3 Bc6 6. Bd3 Nd7 7. O-O Ngf6 8.
Ng3 Bd6 9. Bg5 h6 10. Be3 Qe7 11. c3 O-O-O 12. b4 Nd5 13. Bd2 Nf4 14. Be4 Bxe4
15. Nxe4 g5 16. Be3 g4 17. Nfd2 f5 18. Nxd6+ Qxd6 19. Nc4 Qc6 20. Bxf4 Qxc4 21.
Re1 Nf6 22. Qe2 Qxe2 23. Rxe2 Nd5 24. Bd2 Rde8 25. a4 h5 26. a5 Rh7 27. c4 Nf6
28. f3 gxf3 29. gxf3 Rg7+ 30. Kf2 Kd7 31. Bf4 Reg8 32. Ke3 h4 33. Kd3 Nh5 34.
Be5 Rg2 35. Rae1 h3 36. d5 exd5 37. cxd5 Rxe2 38. Rxe2 Rg1 39. Rc2 c6 40. dxc6+
bxc6 41. Kc4 Rf1 42. Rc3 Rf2 43. Kc5 f4 44. Rd3+ Ke6 45. Bb8 Rc2+ 46. Kd4 Rxh2
47. Bxa7 Rb2 48. Kc3 h2 49. Rd1 Ra2 50. Kb3 Rg2 51. a6 Ng3 52. Bb8 Rg1 53. Rd6+
Ke7 54. Rh6 h1=Q 55. Rxh1 Rxh1 56. Kb2 Rh2+ 57. Kb3 Rh1 58. Kb2 Rh2+ 59. Kb3
Rh1 60. Kb2 Rh2+ 1/2-1/2

[Event "Quebec op U1400"]
[Site "Laval CAN"]
[Date "2022.09.05"]
[Round "8.75"]
[White "Maurice, Mathieu"]
[Black "Gurevitch, Benjamin"]
[Result "1-0"]
[WhiteElo "1287"]
[BlackElo "1325"]
[PlyCount "33"]
[EventDate "2022.09.01"]
[EventType "swiss"]
[EventRounds "9"]
[EventCountry "CAN"]

1. Nf3 d5 2. c4 Nf6 3. cxd5 Nxd5 4. e4 Nb6 5. d4 Bg4 6. Nc3 e6 7. Be3 Nc6 8.
Be2 Qd7 9. a4 Rd8 10. a5 Nc8 11. d5 N6e7 12. Qb3 exd5 13. Ne5 Qd6 14. Nxg4 d4
15. Rd1 Qc5 16. Na4 Qxa5+ 17. Bd2 1-0

[Event "Quebec op U1400"]
[Site "Laval CAN"]
[Date "2022.09.05"]
[Round "8.76"]
[White "Guillemette, Thomas"]
[Black "Imbeault, Marc"]
[Result "1-0"]
[WhiteElo "1307"]
[BlackElo "1226"]
[PlyCount "113"]
[EventDate "2022.09.01"]
[EventType "swiss"]
[EventRounds "9"]
[EventCountry "CAN"]

1. e4 d6 2. d4 e5 3. dxe5 dxe5 4. Qxd8+ Kxd8 5. Nf3 Nc6 6. Bc4 f6 7. O-O Bc5 8.
Rd1+ Ke8 9. Nc3 Nge7 10. h3 Bd7 11. Na4 Bd6 12. Be3 Nb4 13. Bb3 Nbc6 14. Nc5
Bxc5 15. Bxc5 Na5 16. Bf7+ Kxf7 17. Rxd7 Rhe8 18. Rxc7 Rad8 19. Bxa7 b5 20. b3
Nac6 21. Bc5 Ke6 22. Rb7 f5 23. Bxe7 Rxe7 24. exf5+ Kxf5 25. Rxb5 Kf4 26. Rc5
e4 27. Rxc6 exf3 28. Rc4+ Kf5 29. gxf3 Rd2 30. Re4 Rc7 31. c4 Rc6 32. b4 Rd3
33. Kg2 Rg6+ 34. Rg4 Rf6 35. Rxg7 Kf4 36. Rxh7 Rxf3 37. b5 Rc3 38. Rh4+ Kg5 39.
Rg4+ Kh5 40. Re1 Rc2 41. Rf1 Rxa2 42. Kg3 Ra3+ 43. f3 Rb3 44. h4 Rf8 45. Rg5+
Kh6 46. Kg4 Rb4 47. Rc1 Rb3 48. f4 Rb2 49. f5 Rf7 50. Re1 Rg2+ 51. Kf4 Rf2+ 52.
Kg3 Rc2 53. Re6+ Kh7 54. Reg6 Kh8 55. Rh5+ Rh7 56. Rxh7+ Kxh7 57. Rc6 1-0

[Event "Quebec op U1400"]
[Site "Laval CAN"]
[Date "2022.09.05"]
[Round "8.77"]
[White "Chira, Dan"]
[Black "Khatchikian, Eva"]
[Result "1-0"]
[WhiteElo "1398"]
[BlackElo "1214"]
[PlyCount "49"]
[EventDate "2022.09.01"]
[EventType "swiss"]
[EventRounds "9"]
[EventCountry "CAN"]

1. d4 d5 2. Bf4 Bf5 3. e3 a6 4. c4 e6 5. Nc3 Nf6 6. Qb3 b6 7. cxd5 exd5 8. Nf3
h6 9. Ne5 Be7 10. Qa4+ Nbd7 11. Nc6 Qc8 12. Nxe7 Kxe7 13. Be2 c5 14. Rc1 b5 15.
Qd1 Qb7 16. Bf3 c4 17. O-O Be6 18. h3 Rhg8 19. Re1 g5 20. Be5 Nxe5 21. dxe5 Ne4
22. Nxe4 dxe4 23. Qd6+ Ke8 24. Bh5 Qe7 25. Qc6+ 1-0

[Event "Quebec op U1400"]
[Site "Laval CAN"]
[Date "2022.09.05"]
[Round "8.78"]
[White "Mickelson, Jonah"]
[Black "Fakhany, Fahrid-Michel"]
[Result "0-1"]
[WhiteElo "1160"]
[BlackElo "1240"]
[PlyCount "85"]
[EventDate "2022.09.01"]
[EventType "swiss"]
[EventRounds "9"]
[EventCountry "CAN"]

1. e4 Nc6 2. d4 e5 3. Nf3 exd4 4. Nxd4 Nf6 5. Nxc6 bxc6 6. e5 Qe7 7. Qe2 Nd5 8.
c4 Nb6 9. Nc3 a5 10. g3 a4 11. a3 Ba6 12. Qe4 Qe6 13. f4 g6 14. c5 Nd5 15. Nxa4
Bxf1 16. Kxf1 Qh3+ 17. Kf2 Qe6 18. Qd4 Ra5 19. Bd2 Ra8 20. Nc3 Bg7 21. Nxd5
cxd5 22. Bc3 h5 23. Rad1 c6 24. Ra1 h4 25. a4 Qf5 26. Ke3 Qg4 27. Rag1 h3 28.
a5 O-O 29. Qd1 Qf5 30. Qd3 Qe6 31. Kd2 Rfb8 32. g4 Rb3 33. a6 Qe7 34. Qc2 Rb5
35. b4 Rxa6 36. Rg3 d4 37. Bxd4 Rxb4 38. Be3 Qe6 39. Kd1 Qd5+ 40. Ke1 Qxh1+ 41.
Rg1 Ra1+ 42. Qd1 Rxd1+ 43. Kxd1 0-1

[Event "Quebec op U1400"]
[Site "Laval CAN"]
[Date "2022.09.05"]
[Round "8.79"]
[White "Ivanov, Yuan Maksin"]
[Black "Viel, Julie-Maude"]
[Result "1/2-1/2"]
[WhiteElo "1020"]
[BlackElo "1296"]
[PlyCount "136"]
[EventDate "2022.09.01"]
[EventType "swiss"]
[EventRounds "9"]
[EventCountry "CAN"]

1. e4 c6 2. d4 d5 3. exd5 cxd5 4. c4 Nf6 5. Nc3 Nc6 6. c5 e6 7. Bg5 Be7 8. Nf3
a6 9. Na4 Nd7 10. Bf4 O-O 11. Bd3 e5 12. dxe5 Nxc5 13. Nxc5 Bxc5 14. Bxh7+ Kh8
15. Bc2 f6 16. Ng5 Bb4+ 17. Bd2 Bxd2+ 18. Kxd2 Qe8 19. exf6 gxf6 20. Re1 Ne5
21. Nf3 Bg4 22. h3 Bxf3 23. gxf3 Qh5 24. f4 Nc4+ 25. Kc1 Qxd1+ 26. Rxd1 Rad8
27. b3 Na3 28. Bd3 Rc8+ 29. Kb2 Nb5 30. Bxb5 axb5 31. Rxd5 b4 32. Rg1 f5 33.
Rb5 Rfe8 34. Rc1 Re2+ 35. Kb1 Rxc1+ 36. Kxc1 Rxa2 37. Rxb7 Rxf2 38. Rxb4 Rf3
39. Kb2 Kg7 40. Rc4 Rxh3 41. b4 Kg6 42. b5 Rh8 43. Rc6+ Kh5 44. Rc4 Rb8 45. Rb4
Kg6 46. Kc3 Kf6 47. b6 Ke6 48. b7 Kd5 49. Kd3 Kc5 50. Rb1 Rd8+ 51. Kc3 Rb8 52.
Rb2 Kd5 53. Rb4 Kc5 54. Ra4 Kd5 55. Rb4 Kc5 56. Rb2 Kd5 57. Re2 Rxb7 58. Re5+
Kd6 59. Rxf5 Ke6 60. Ra5 Rd7 61. Rc5 Kf6 62. Rc8 Ke7 63. Rc6 Rd1 64. Rc4 Ke6
65. Rd4 Rf1 66. Kd2 Kf5 67. Ke3 Re1+ 68. Kf2 Rc1 1/2-1/2

[Event "Quebec op U1400"]
[Site "Laval CAN"]
[Date "2022.09.05"]
[Round "8.80"]
[White "Poulin, Roxane"]
[Black "Fallet, Maurice"]
[Result "0-1"]
[WhiteElo "1276"]
[BlackElo "1224"]
[PlyCount "66"]
[EventDate "2022.09.01"]
[EventType "swiss"]
[EventRounds "9"]
[EventCountry "CAN"]

1. e4 e5 2. Nf3 Nf6 3. Nc3 Nc6 4. d4 exd4 5. Nxd4 d6 6. Nxc6 bxc6 7. Bd3 Be7 8.
h3 Rb8 9. b3 Be6 10. g4 Nd7 11. Be3 Bf6 12. Qd2 Nb6 13. g5 Be7 14. f4 d5 15. f5
Bxf5 16. Bxb6 Bxe4 17. Bxc7 Qxc7 18. h4 Bxh1 19. O-O-O Bf3 20. Rf1 Bh5 21. Qf2
O-O 22. Na4 Qe5 23. c3 Bd6 24. Kc2 Qh2 25. Qxh2 Bxh2 26. Nc5 Rfe8 27. Na6 Rbc8
28. Bf5 Bg6 29. Bxg6 hxg6 30. Rh1 Bd6 31. h5 gxh5 32. Rxh5 Re3 33. Kd2 Rce8 0-1

[Event "Quebec op U1400"]
[Site "Laval CAN"]
[Date "2022.09.05"]
[Round "8.81"]
[White "Ouimet, Alain"]
[Black "Chairez Miranda, Hector Jesus"]
[Result "1-0"]
[WhiteElo "1225"]
[BlackElo "127"]
[PlyCount "77"]
[EventDate "2022.09.01"]
[EventType "swiss"]
[EventRounds "9"]
[EventCountry "CAN"]

1. d4 d5 2. c4 e6 3. Nf3 Nf6 4. g3 g6 5. Bg2 Bg7 6. Nc3 c6 7. O-O O-O 8. Bg5
Nbd7 9. cxd5 cxd5 10. Ne5 a6 11. Rc1 b5 12. Nc6 Qe8 13. Bf4 Bb7 14. Na5 Bc8 15.
Bd6 Nb6 16. Bxf8 Qxf8 17. a3 Qd6 18. e4 dxe4 19. Nxe4 Nxe4 20. Bxe4 Rb8 21. Bg2
Bd7 22. Qc2 Rc8 23. Qd2 Rd8 24. Nb7 Qe7 25. Nxd8 Qxd8 26. b3 Nd5 27. Rc2 Bf6
28. Qc1 Bxd4 29. Bxd5 exd5 30. Qd2 Qb6 31. Qf4 Bf5 32. Rd2 Bc3 33. Rxd5 Be6 34.
Rd3 Bg7 35. Rfd1 Bf8 36. Qf6 Qb7 37. Rd8 Bh3 38. Rxf8+ Kxf8 39. Rd8# 1-0

[Event "Quebec op U1400"]
[Site "Laval CAN"]
[Date "2022.09.05"]
[Round "8.82"]
[White "Couture, Francois"]
[Black "Soskic, Milan"]
[Result "0-1"]
[WhiteElo "1246"]
[BlackElo "1306"]
[PlyCount "66"]
[EventDate "2022.09.01"]
[EventType "swiss"]
[EventRounds "9"]
[EventCountry "CAN"]

1. d4 Nf6 2. c4 g6 3. Nf3 Bg7 4. Nc3 d6 5. e3 O-O 6. Bd3 Nbd7 7. O-O e5 8. d5
Nc5 9. e4 Bg4 10. Be2 Nfxe4 11. Nxe4 Nxe4 12. Nd2 Bxe2 13. Qxe2 Nxd2 14. Bxd2
f5 15. Rac1 Qe7 16. f4 e4 17. Be3 c5 18. dxc6 bxc6 19. b4 Rfd8 20. Rfd1 Rab8
21. Rb1 Qc7 22. a4 a5 23. Qd2 d5 24. bxa5 Rxb1 25. Rxb1 d4 26. Rd1 c5 27. Qc2
dxe3 28. Rxd8+ Qxd8 29. Kf1 Qd3+ 30. Qe2 Qb1+ 31. Qe1 e2+ 32. Kxe2 Qd3+ 33. Kf2
Bd4+ 0-1

[Event "Quebec op U1400"]
[Site "Laval CAN"]
[Date "2022.09.05"]
[Round "8.83"]
[White "Laramee-Lamoureux, Mickael"]
[Black "Michel, Andie"]
[Result "1-0"]
[WhiteElo "1374"]
[BlackElo "1239"]
[PlyCount "97"]
[EventDate "2022.09.01"]
[EventType "swiss"]
[EventRounds "9"]
[EventCountry "CAN"]

1. d4 d5 2. c4 Nf6 3. Nc3 c6 4. Bg5 Nbd7 5. cxd5 cxd5 6. e3 g6 7. Bd3 Bg7 8.
Nf3 a6 9. O-O O-O 10. Re1 Re8 11. h3 e5 12. Nxd5 e4 13. Rc1 Qa5 14. Nc7 Nb6 15.
Nxe8 Nxe8 16. Bxe4 Nd6 17. Bb1 Ndc4 18. b3 Nb2 19. Qc2 Qa3 20. Re2 f6 21. Bh4
Qb4 22. Qxb2 Be6 23. Qc3 a5 24. Qxb4 axb4 25. Rc7 Nd5 26. Rxb7 h6 27. Be4 Nc3
28. Rxg7+ Kxg7 29. Bxa8 Nxe2+ 30. Kf1 Nc1 31. d5 Bf5 32. Bc6 Nxa2 33. Bg3 Bd3+
34. Ke1 g5 35. Bc7 Bc2 36. Nd2 Nc1 37. d6 Nd3+ 38. Ke2 Nc1+ 39. Kf3 Bd1+ 40.
Ke4 Bc2+ 41. Kd4 h5 42. d7 Ne2+ 43. Kc4 Nc1 44. d8=Q Nd3 45. Qe7+ Kh8 46. Qxf6+
Kh7 47. Be4+ Kg8 48. Qg6+ Kf8 49. Bd6# 1-0

[Event "Quebec op U1400"]
[Site "Laval CAN"]
[Date "2022.09.06"]
[Round "9.74"]
[White "Chira, Dan"]
[Black "Maurice, Mathieu"]
[Result "1/2-1/2"]
[WhiteElo "1398"]
[BlackElo "1287"]
[PlyCount "80"]
[EventDate "2022.09.01"]
[EventType "swiss"]
[EventRounds "9"]
[EventCountry "CAN"]

1. e4 c5 2. Nc3 e6 3. Nf3 Nc6 4. Bb5 Nd4 5. Bc4 d6 6. a3 Nf6 7. d3 Be7 8. Be3
Nxf3+ 9. Qxf3 a6 10. Bg5 Rb8 11. Qe2 O-O 12. O-O Bd7 13. Ba2 Bc6 14. f3 b5 15.
b4 Re8 16. Qd2 d5 17. Bf4 d4 18. Bxb8 dxc3 19. Qxc3 Qxb8 20. bxc5 Rc8 21. d4
Nd7 22. Qe3 Qa7 23. Kh1 a5 24. c3 h6 25. Qf2 Nf6 26. Rfe1 Kf8 27. Bb3 Rb8 28.
Bc2 Qc7 29. Rab1 Rd8 30. Red1 g6 31. Qe3 Kg7 32. Bd3 Rh8 33. Bxb5 h5 34. Bxc6
Qxc6 35. Rb6 Qa4 36. Ra1 Qc4 37. Qc1 h4 38. h3 Nh5 39. Qc2 Ng3+ 40. Kh2 Nf1+
1/2-1/2